Statistics for Top 100 NCAA Football Players (2021)

Click here to take the quiz!

General Stats

  • This quiz has been taken 54 times
  • The average score is 31 of 100

Answer Stats

#PlayerSchoolPosition% Correct
1Spencer RattlerOklahomaQB
82%
2Derek Stingley Jr.LSUDB
78%
46Kyren WilliamsNotre DameRB
76%
5Sam HowellNorth CarolinaQB
76%
21Bryce YoungAlabamaQB
73%
6Chris OlaveOhio StateWR
73%
94Ainias SmithTexas A&MRB/WR
69%
20Desmond RidderCincinnatiQB
69%
19Garrett WilsonOhio StateWR
69%
18Matt CorralOle MissQB
69%
41Tykee SmithGeorgiaDB
69%
61Tyreke SmithOhio StateDL
69%
14Bijan RobinsonTexasRB
64%
9Breece HallIowa StateRB
62%
3Kayvon ThibodeauxOregonDE
62%
16Malik WillisLibertyQB
62%
86Jayden DanielsArizona StateQB
60%
24JT DanielsGeorgiaQB
60%
29Brock PurdyIowa StateQB
56%
7Kyle HamiltonNotre DameS
56%
4Evan NealAlabamaOT
49%
12Kedon SlovisUSCQB
49%
26Ahmad GardnerCincinnatiDB
44%
36D'Eriq KingMiamiQB
44%
22John Metchie IIIAlabamaWR
44%
10Will Anderson Jr.AlabamaLB
44%
31Grayson McCallCoastal CarolinaQB
42%
45Michael Penix Jr.IndianaQB
42%
23Christian HarrisAlabamaLB
40%
33Dillon GabrielUCFQB
40%
28D.J. UiagaleleiClemsonQB
40%
50Drake LondonUSCWR
40%
13Isaiah SpillerTexas A&MRB
40%
98Johnny Johnson IIIOregonWR
40%
69Kevin HarrisSouth CarolinaRB
40%
74George PickensGeorgiaWR
38%
27Tank BigsbyAuburnRB
38%
34Kayshon BoutteLSUWR
36%
87Jordan DavisGeorgiaNG
33%
17Kenyon GreenTexas A&MOG
33%
8Marvin MimsOklahomaWR
33%
57Tyler DavisClemsonDT
33%
95Jahan DotsonPenn StateWR
31%
55Mohamed IbrahimMinnesotaRB
29%
53Aidan HutchinsonMichiganDL
27%
39Justyn RossClemsonWR
27%
47Michael MayerNotre DameTE
27%
90Zamir WhiteGeorgiaRB
27%
65Malik CunninghamLouisvilleQB
24%
52Charles CrossMississippi StateOT
22%
44Deuce VaughnKansas StateRB
22%
76Devin LloydUtahLB
22%
51Charlie KolarIowa StateTE
20%
71George KarlaftisPurdueDL
20%
68Treylon BurksArkansasWR
20%
54Ty FryfogleIndianaWR
20%
97CJ VerdellOregonRB
18%
15DeMarvin LealTexas A&MDE
18%
56Drake JacksonUSCLB
18%
30Haskell GarrettOhio StateDL
18%
42Jalen WydermyerTexas A&MTE
18%
43Malachi MooreAlabamaDB
18%
25Myles MurphyClemsonD
18%
32Tyler LinderbaumIowaOL
18%
11Bryan BreseeClemsonDT
16%
35Eli RicksLSUDB
16%
40Kaiir ElamFloridaDB
16%
93Myjai SandersCincinnatiDE
16%
92Trent McDuffieWashingtonDB
16%
62Brandon JosephNorthwesternS
13%
89Cade OttonWashingtonTE
13%
67Darian KinnardKentuckyOT
13%
99Isaiah ThomasOklahomaDT
13%
63Jahleel BillingsleyAlabamaTE
13%
64Kennedy BrooksOklahomaRB
13%
37Nik BonittoOklahomaOLB/DE
13%
75Tiawan MullenIndianaDB
13%
58Xavier ThomasClemsonDE
13%
83Zay FlowersBoston CollegeWR
13%
85DeMarvion OvershownTexasLB
11%
48Henry To'o To'oAlabamaLB
11%
38Josh JobeAlabamaDB
11%
77Smoke MondayAuburnS
11%
49Thayer MunfordOhio StateOL
11%
96Tyler GoodsonIowaRB
11%
72Dante StillsWest VirginiaDT
9%
81Jack SanbornWisconsinLB
9%
82Mike RoseIowa StateLB
9%
79Reggie Roberson Jr.SMUWR
9%
73Tre'Vius Hodges-TomlinsonTCUDB
9%
84Will McDonald IVIowa StateDE
9%
88Grant MorganArkansasLB
7%
100O'Cyrus TorrenceLouisianaOL
7%
59Brenton Cox Jr.FloridaLB
4%
91Jaxson KirklandWashingtonOL
4%
60Kingsley EnagbareSouth CarolinaLB
4%
78Ochaun MathisTCUDE
4%
66LaBryan RayAlabamaDE
2%
80Tony GrimesNorth CarolinaWR
2%
70Jerrion EarlyOle MissRB/AP
0%

Score Distribution

Percentile by Number Answered

Percent of People with Each Score

Your Score History

You have not taken this quiz